000 01309nam a2200289Ia 4500
999 _c56246
_d56246
001 23348
003 GE_BSU
005 20260112203043.0
008 181216s1959||||ge |||||||||||||| ||geo||
040 _cGE_BSU
041 _ageo
080 _a94(479.22)".../05" + 929.731(479.22)(ვახტანგ გორგასალი) კ-17
100 _aკაკაბაძე, ს. (სარგის)
_926651
245 _aვახტანგ გორგასალი :
_b [მონოგრაფია] /
_cს. კაკაბაძე ; რედ.: თ.ციხისთავი.
264 _aთბილისი :
_bცოდნა,
_c1959.
300 _a86 გვ. ;
_b ილ;
_c21 სმ.
504 _aბიბლიოგრ. შენიშვნებში
541 _h3ლ.70თ.
653 _aვახტანგ გორგასალი
653 _a [მონოგრაფია]
653 _aვახტანგ გორგასალი
653 _aქართველი მეფეები
653 _aსაქართველოს ისტორია
653 _aსაქართველოს ისტორია
700 _aციხისთავი, თ.
_eრედაქტორი
_926652
942 _cBK
_2udc